Bamboos of Peninsular Malaysia (Record no. 43800)

MARC details
000 -LEADER
fixed length control field 00394nam a2200133Ia 4500
082 ## - DEWEY DECIMAL CLASSIFICATION NUMBER
Classification number 633.584.5(595O)
Item number WON
100 ## - MAIN ENTRY--AUTHOR NAME
Personal name Wong, K M
245 #0 - TITLE STATEMENT
Title Bamboos of Peninsular Malaysia
260 ## - PUBLICATION, DISTRIBUTION, ETC. (IMPRINT)
Place of publication Kuala Lumpur
Name of publisher Forest Research Institute
Year of publication 1995
490 ## - SERIES STATEMENT
Series statement Malaysian Research Institute 1995
650 ## - SUBJECT ADDED ENTRY--TOPICAL TERM
Topical Term Silvicultural considerations
942 ## - ADDED ENTRY ELEMENTS (KOHA)
Koha item type Books
Holdings
Withdrawn status Lost status Damaged status Not for loan Home library Current library Date acquired Source of acquisition Full call number Accession Number Koha item type
        RRII Library RRII Library 16/12/2021 Gift 633.584.5(595O) WON G00552 Books